<?xml version="1.0" encoding="UTF-8"?>
<record
    xmlns:xsi="http://www.w3.org/2001/XMLSchema-instance"
    xsi:schemaLocation="http://www.loc.gov/MARC21/slim http://www.loc.gov/standards/marcxml/schema/MARC21slim.xsd"
    xmlns="http://www.loc.gov/MARC21/slim">

  <leader>01560nam a22002657i 4500</leader>
  <datafield tag="999" ind1=" " ind2=" ">
    <subfield code="c">23660</subfield>
    <subfield code="d">23660</subfield>
  </datafield>
  <controlfield tag="003">AR-CdUCM</controlfield>
  <controlfield tag="008">260429b2014    sp d|||| |||| 00| 0 spa d</controlfield>
  <datafield tag="020" ind1=" " ind2=" ">
    <subfield code="a">978-5-396-00384-2</subfield>
  </datafield>
  <datafield tag="040" ind1=" " ind2=" ">
    <subfield code="a">MUNICIPALIDAD PROVINCIAL DEL CUSCO</subfield>
    <subfield code="c">BIBLIOTECA MUNICIPAL DEL CUSCO</subfield>
  </datafield>
  <datafield tag="082" ind1=" " ind2=" ">
    <subfield code="a">510</subfield>
    <subfield code="b">F84</subfield>
  </datafield>
  <datafield tag="100" ind1=" " ind2=" ">
    <subfield code="a">Fridman, Lev M.</subfield>
  </datafield>
  <datafield tag="245" ind1=" " ind2=" ">
    <subfield code="a">&#xBF;Qu&#xE9; es la matem&#xE1;tica? / </subfield>
  </datafield>
  <datafield tag="260" ind1=" " ind2=" ">
    <subfield code="a">Espa&#xF1;a : </subfield>
    <subfield code="b">KRASAND </subfield>
    <subfield code="c">2014</subfield>
  </datafield>
  <datafield tag="300" ind1=" " ind2=" ">
    <subfield code="a">232 p&#xE1;ginas. : </subfield>
    <subfield code="c">14,5x21,5 cm.</subfield>
  </datafield>
  <datafield tag="505" ind1=" " ind2=" ">
    <subfield code="a">Introducci&#xF3;n a la naturaleza de la matem&#xE1;tica -- Concepto y definici&#xF3;n de matem&#xE1;tica -- Or&#xED;genes hist&#xF3;ricos de la matem&#xE1;tica -- Matem&#xE1;tica en las civilizaciones antiguas -- Desarrollo de la aritm&#xE9;tica y el &#xE1;lgebra -- Geometr&#xED;a cl&#xE1;sica y sus fundamentos -- El papel de la l&#xF3;gica en la matem&#xE1;tica -- Evoluci&#xF3;n del pensamiento matem&#xE1;tico -- Matem&#xE1;tica como lenguaje universal -- Relaci&#xF3;n entre matem&#xE1;tica y ciencias naturales -- Problemas matem&#xE1;ticos cl&#xE1;sicos y su an&#xE1;lisis -- M&#xE9;todos de resoluci&#xF3;n de problemas -- Importancia de la demostraci&#xF3;n matem&#xE1;tica -- Aplicaciones de la matem&#xE1;tica en la vida cotidiana -- Matem&#xE1;tica en la educaci&#xF3;n moderna -- Perspectivas filos&#xF3;ficas de la matem&#xE1;tica</subfield>
  </datafield>
  <datafield tag="650" ind1=" " ind2=" ">
    <subfield code="a">Matem&#xE1;ticas - Filosof&#xED;a</subfield>
    <subfield code="9">52802</subfield>
  </datafield>
  <datafield tag="650" ind1=" " ind2=" ">
    <subfield code="a">Matem&#xE1;ticas - Historia</subfield>
    <subfield code="9">52803</subfield>
  </datafield>
  <datafield tag="650" ind1=" " ind2=" ">
    <subfield code="a">Matem&#xE1;ticas - Ense&#xF1;anza</subfield>
    <subfield code="9">52804</subfield>
  </datafield>
  <datafield tag="650" ind1=" " ind2=" ">
    <subfield code="a">L&#xF3;gica matem&#xE1;tica</subfield>
    <subfield code="9">52805</subfield>
  </datafield>
  <datafield tag="650" ind1=" " ind2=" ">
    <subfield code="a">Resoluci&#xF3;n de problemas matem&#xE1;ticos</subfield>
    <subfield code="9">52806</subfield>
  </datafield>
  <datafield tag="650" ind1=" " ind2=" ">
    <subfield code="a">Pensamiento matem&#xE1;tico</subfield>
    <subfield code="9">12979</subfield>
  </datafield>
  <datafield tag="942" ind1=" " ind2=" ">
    <subfield code="2">ddc</subfield>
    <subfield code="c">LIBROS</subfield>
  </datafield>
  <datafield tag="945" ind1=" " ind2=" ">
    <subfield code="a">esh</subfield>
    <subfield code="d">29-04-2026</subfield>
  </datafield>
  <datafield tag="952" ind1=" " ind2=" ">
    <subfield code="0">0</subfield>
    <subfield code="2">ddc</subfield>
    <subfield code="4">0</subfield>
    <subfield code="7">0</subfield>
    <subfield code="a">SC</subfield>
    <subfield code="b">SC</subfield>
    <subfield code="c">CART</subfield>
    <subfield code="d">2026-04-29</subfield>
    <subfield code="e">Donaci&#xF3;n</subfield>
    <subfield code="g">20.00</subfield>
    <subfield code="o">510 / F84</subfield>
    <subfield code="p">SC0000002496</subfield>
    <subfield code="r">2026-04-29</subfield>
    <subfield code="y">LIBROS</subfield>
  </datafield>
</record>
